00598cam a2200217 a 4500001000800000005001700008008004100025010001700066020002600083020002200109020002600131020002200157040001800179041000800197080001700205082002100222100000700243101000800250245005800258504006400316352692020180124074959.0960919s1997 enka b 001 0 eng  a 96046106  a0521592755 (hardback) a0521597137 (pbk.) a0521364094 (hardback) a0521367042 (pbk.) aDLCcDLCdDLC aeng a330.17 yor00a330.17 yor2201 a52 aeco10aEconomic analysis of property rights /cYoram Barzel. aIncludes bibliographical references (p. 154-157) and index.